আমেরিকাকে যেমন দেখেছি / (Record no. 84713)
[ view plain ]
| 000 -LEADER | |
|---|---|
| fixed length control field | 00694nam a2200193 a 4500 |
| 001 - CONTROL NUMBER | |
| control field | 84713 |
| 003 - CONTROL NUMBER IDENTIFIER | |
| rucl marc code | BD-RjUL |
| 005 - DATE AND TIME OF LATEST TRANSACTION | |
| control field | 20250220130021.0 |
| 008 - FIXED-LENGTH DATA ELEMENTS--GENERAL INFORMATION | |
| fixed length control field | 250220s2013 bg ||||| |||| 00| 0 eng d |
| 035 ## - SYSTEM CONTROL NUMBER | |
| System control number | (BD-RjUL)84713 |
| 040 ## - CATALOGING SOURCE | |
| Original cataloging agency | BD-RjUL |
| Language of cataloging | eng |
| Transcribing agency | BD-RjUL |
| 041 ## - LANGUAGE CODE | |
| Language code of text/sound track or separate title | ben |
| 082 ## - DEWEY DECIMAL CLASSIFICATION NUMBER | |
| Edition number | 23 |
| Classification number | 917.3 |
| Author mark and year | QUA 2013 |
| 100 ## - MAIN ENTRY--PERSONAL NAME | |
| Personal name | কাসেম, মো. আবুল |
| 9 (RLIN) | 15064 |
| 245 ## - TITLE STATEMENT | |
| Title | আমেরিকাকে যেমন দেখেছি / |
| Statement of responsibility, etc. | মো. আবুল কাসেম |
| 651 ## - SUBJECT ADDED ENTRY--GEOGRAPHIC NAME | |
| Geographic name | মার্কিন যুক্তরাষ্ট্র |
| General subdivision | বর্ণনা এবং ভ্রমণ |
| 9 (RLIN) | 15065 |
| Geographic name | United States |
| General subdivision | Description and travel. |
| 9 (RLIN) | 2516 |
| 942 ## - ADDED ENTRY ELEMENTS (KOHA) | |
| Source of classification or shelving scheme | Dewey Decimal Classification |
| Koha item type | Books |
| Lost status | Source of classification or shelving scheme | Damaged status | Not for loan | Collection code | Permanent Location | Current Location | Shelving location | Date acquired | Source of acquisition | Total Checkouts | Full call number | Date last seen | Copy number | Koha item type |
|---|---|---|---|---|---|---|---|---|---|---|---|---|---|---|
| Dewey Decimal Classification | Non-fiction | Central Library, University of Rajshahi | Central Library, University of Rajshahi | Reading Room | 12/02/2025 | Author | B 917.3 QUA 2013 | 20/02/2025 | C-1 | Books |